The diffusion and value of healthcare information technology (Record no. 192453)
[ view plain ]
| 000 -LEADER | |
|---|---|
| fixed length control field | 01834nam a22003854a 4500 |
| 082 04 - DEWEY DECIMAL CLASSIFICATION NUMBER | |
| Classification number | 610/.28 |
| 100 1# - MAIN ENTRY--AUTHOR NAME | |
| Personal name | Bower, Anthony G. |
| 245 14 - TITLE STATEMENT | |
| Title | The diffusion and value of healthcare information technology |
| 260 ## - PUBLICATION, DISTRIBUTION, ETC. (IMPRINT) | |
| Place of publication | Santa Monica, CA : |
| Name of publisher | Rand Corporation, |
| Year of publication | 2005. |
| 300 ## - PHYSICAL DESCRIPTION | |
| Number of Pages | xxiv, 101 p. |
| 500 ## - GENERAL NOTE | |
| General note | "MG-272." |
| General note | "Prepared for Cerner, General Electric, Hewlett Packard, Johnson & Johnson, and Xerox". |
| 505 0# - FORMATTED CONTENTS NOTE | |
| Formatted contents note | Why is health information technology (HIT) diffusion and its value important? -- What is the current diffusion of HIT? -- EHR Past and future diffusion in relation to other innovations -- The potential value of wide HIT diffusion -- Should the government intervene to speed diffusion of HIT?. |
| 650 #0 - SUBJECT ADDED ENTRY--TOPICAL TERM | |
| Topical Term | Medicine |
| Topical Term | Medicine |
| Topical Term | Medical records |
| Topical Term | Diffusion of innovations. |
| 856 40 - ELECTRONIC LOCATION AND ACCESS | |
| Uniform Resource Identifier | http://site.ebrary.com/lib/rucke/Doc?id=10152615 |
No items available.
